Statistics for Happiest Countries in the World

Click here to take the quiz!

General Stats

  • This quiz has been taken 81 times
  • The average score is 17 of 20

Answer Stats

ContinentScoreAnswer% Correct
Europe7.769Finland
97%
North America7.278Canada
96%
Europe7.6Denmark
96%
Europe7.054United Kingdom
96%
Oceania7.228Australia
94%
Europe7.554Norway
94%
Europe7.343Sweden
94%
Europe7.494Iceland
93%
Europe7.488Netherlands
93%
North America6.892United States
93%
Europe6.923Belguim
91%
Oceania7.307New Zealand
90%
Europe6.985Germany
87%
Europe7.48Switzerland
87%
Europe7.021Ireland
86%
Europe7.246Austria
84%
Europe7.09Luxembourg
81%
Europe6.852Czech Republic
72%
North America7.167Costa Rica
67%
Asia7.139Israel
48%

Score Distribution

Percentile by Number Answered

Percent of People with Each Score

Your Score History

You have not taken this quiz